| 000 | 00725nam a2200229 4500 | ||
|---|---|---|---|
| 001 | 35481 | ||
| 003 | BD-RjUL | ||
| 005 | 20221030113948.0 | ||
| 008 | 140525r19731969bg a|||| |||| 001 0 eng d | ||
| 035 | _a(BD-RjUL)35575 | ||
| 040 |
_aBD-RjUL _beng _cBD-RjUL |
||
| 041 | _aeng | ||
| 082 | 0 | 0 |
_a519.5 _bALT 1973 |
| 100 | 1 |
_aAli, Md. Ashraf. _9107904 |
|
| 245 | 1 | 0 |
_aTheory of statistics / _cMd. Ashraf Ali. |
| 260 |
_aMymensingh ; _aDacca: _b Md. Ashraf Ali; _bBook Mast, _c1969, 1973 |
||
| 300 |
_av. : _bill. ; _c22 cm. |
||
| 504 | _aIncludes index. | ||
| 505 | _av. 1 -- v. 2-- | ||
| 650 | 0 |
_aStatistics. _9107905 |
|
| 942 |
_2ddc _cBK |
||
| 999 |
_c35481 _d35481 |
||